Electronic Test Instruments: (Record no. 6933)

MARC details
000 -LEADER
fixed length control field 00615nam a22002057a 4500
003 - CONTROL NUMBER IDENTIFIER
control field OSt
005 - DATE AND TIME OF LATEST TRANSACTION
control field 20210514094501.0
008 - FIXED-LENGTH DATA ELEMENTS--GENERAL INFORMATION
fixed length control field 210514b ||||| |||| 00| 0 eng d
020 ## - INTERNATIONAL STANDARD BOOK NUMBER
International Standard Book Number 9780852969992
040 ## - CATALOGING SOURCE
Transcribing agency DDC
082 ## - DEWEY DECIMAL CLASSIFICATION NUMBER
Classification number 621.389 WIT 2008
100 ## - MAIN ENTRY--PERSONAL NAME
Personal name Witte, Robert A.
9 (RLIN) 14220
245 ## - TITLE STATEMENT
Title Electronic Test Instruments:
Remainder of title Analog and Digital Measurements
260 ## - PUBLICATION, DISTRIBUTION, ETC. (IMPRINT)
Place of publication, distribution, etc. Upper Saddle River, NJ :
Name of publisher, distributor, etc. Prentice Hall,
Date of publication, distribution, etc. ©2008.
300 ## - PHYSICAL DESCRIPTION
Extent xxix,645p.:
Other physical details ill;
Dimensions 25cm
504 ## - BIBLIOGRAPHY, ETC. NOTE
Bibliography, etc Includes index.
650 ## - SUBJECT ADDED ENTRY--TOPICAL TERM
Topical term or geographic name as entry element Electronic instruments.
9 (RLIN) 13403
650 ## - SUBJECT ADDED ENTRY--TOPICAL TERM
Topical term or geographic name as entry element Electronic measurements.
9 (RLIN) 14221
942 ## - ADDED ENTRY ELEMENTS (KOHA)
Source of classification or shelving scheme Dewey Decimal Classification
Koha item type Book
Holdings
Withdrawn status Lost status Source of classification or shelving scheme Damaged status Not for loan Home library Current library Date acquired Source of acquisition Inventory number Total Checkouts Full call number Barcode Date last seen Price effective from Koha item type Public note
    Dewey Decimal Classification     MUST Main Library MUST Main Library 14/05/2021 Purchase 21/41420   621.389 WIT 2008 2021-0517 14/05/2021 14/05/2021 Book Material in Hard copy